| 000 | 00555cam a2200193 4500 | ||
|---|---|---|---|
| 001 | D1085 | ||
| 008 | 090401t1972 xxu||||| |||| 00| 0 eng d | ||
| 035 | _a(Sirsi) u62493 | ||
| 041 | _aeng | ||
| 050 | _a692.5 | ||
| 110 |
_aAssociation of Cost Engineers _91254 |
||
| 245 | _aStandard method of measurement of construction engineering works. Metric and Imperial | ||
| 260 |
_aLondon _bAssociation of Cost Engineers _c1972 |
||
| 300 | _a44p. 30cm | ||
| 350 | _a0 | ||
| 520 | _aFiled in SMM Box 1972/2B B-Reference | ||
| 942 | _n0 | ||
| 948 | _c04/03/1997 | ||
| 999 |
_c94424 _d94424 |
||